Бюллетень № 10 информационного бюро чрезвычайного полномочного представительства СССР в Китае

Доступно только в Электронных читальных залах Найти на картеНа карте
RUSMARC
00003900nac2a22002773x 450
0011908504b-e9e0-4347-a8b0-1913b57687ba
00520220113025329.0
100##$a20211217l1924 k y0rusy50 ca
1010#$arus
102##$aRU
105##$ay z |||||
1220#$ad19241031
2001#$aБюллетень № 10 информационного бюро чрезвычайного полномочного представительства СССР в Китае
$jОктябрь 1924
215##$a50 листов
251##$cДело
300##$aЗаголовок дела на папке отсутствует
300##$aНа папке дела дата не указана
300##$aЛисты: 15, 19 - надорваны
300##$aМашинописный текст
330##$aВходит в раздел описи: 1923 г.. Секретариат президиума
461#0$1001796d4672-8a00-4986-b488-6e42273792cc
$12001
$aЦЕНТРАЛЬНЫЙ ИСПОЛНИТЕЛЬНЫЙ КОМИТЕТ СССР (ЦИК СССР)
$1251
$cФонд
$1852
$j3316
$gР
462#0$10011cce310e-0954-4fdc-88db-4979285f4890
$12001
$aФинансовое Управление ЦИК СССР. 1923-1930 гг.
$vД. 163
$1251
$cОпись
$1852
$j16
$gа
60101$3RU\NLR\AUTH\880357276
$aСССР
$bЦИК
801#0$aRU
$bGA_RF
801#1$aRU
$bГлавНИВЦ
$c20211217
$2rusmarc
801#2$aRU
$bПБ им. Б.Н. Ельцина
$c20220113
$gRCR
$2rusmarc
852##$aГА РФ
$j163
937##$d172480603
$hГАРФ
035##$aRuPRLIB51064223
856##$uhttp://readingroom.main.prlib.ru/item.aspx?id_node=n172480603&mode=full
Формат отображения